La Comarca en l'organització interna de Catalunya : discurs del President de la Lliga Comarcal de Catalunya Francesc Glanadell, en l'acte inaugural del curs, celebrat el dia 6 de març del 1934 discurs del President de la Lliga Comarcal de Catalunya Francesc Glanadell, en l'acte inaugural del curs, celebrat el dia 6 de març del 1934

por Glanadell, Francesc

Descripción Física: 30 p. ; 22 cm

MARC

LEADER 00000nam a2200000Ia 4500
001 10894
003 BGR
005 20260410113642.0
008 160829s9999 xx 000 0 cat d
080 |a RF-1-55 
100 |a Glanadell, Francesc  |9 32537 
245 |a La Comarca en l'organització interna de Catalunya :  |b  discurs del President de la Lliga Comarcal de Catalunya Francesc Glanadell, en l'acte inaugural del curs, celebrat el dia 6 de març del 1934 
260 |a Barcelona :  |b Lliga Comarcal de Catalunya, [1934?] 
300 |a 30 p. ;  |c 22 cm 
650 |a Comarques  |x Catalunya   |9 29217 
651 0 |a Catalunya  |x Divisions administratives i polítiques  |9 54246 
710 2 |a Lliga Comarcal de Catalunya  |9 71362 
856 4 |u https://media.diba.cat/diba/fitxers/arxiu/fulletons/bib_10894_1934_baixa.pdf  |y Accés lliure 
856 4 |u https://media.diba.cat/diba/fitxers/arxiu/fulletons/bib_10894_1934_baixa.pdf  |y Accés lliure 
900 |a bib_10894_1934_baixa.pdf 
901 |a Arxiu 
942 |n 1  |2 udc  |c MON 
952 |0 0  |1 0  |4 0  |6 RF155  |7 1  |9 46025  |a Arxiu  |b Arxiu  |d 2016-12-01  |l 0  |o RF-1-55  |p 10894  |r 2016-12-01 00:00:00  |w 2016-12-01  |y ARXIU 
999 |c 49526  |d 49526